00302nam a2200109 4500008004100000100001800041245006100059260000900120300001300129650001600142773003400158190828b ||||| |||| 00| 0 eng d aBiswas, Durba aChallenges for transgender inclusive sanitation in India c2019 ap.19-21. aTransgender aEconomic and Political Weekly